000 005400000a22001810004500
041 0 _aSPA
082 0 4 _aG 257 T2381c
100 1 _aTaylor, Alice
245 1 0 _aCómo ser la esposa de un ministro y ser feliz / Alice Taylor ; Elena Gaertner de Taibo, Traductor
260 _a[S.L] : Zondervan
300 _a86 Pag
500 _aTítulo original : How to be a minister's wife and love it
001 6640
942 _cBK
999 _c36908
_d36908
336 _atexto
_btxt
_2rdacontent
337 _2rdamedia
_asin mediación
_bn
338 _2rdacarrier
_avolumen
_bnc